000 00698cam a2200229 i 4500
001 9419
003 Mx-PuUPA
005 20231110144910.0
008 140415s1970 mx r 000 0 spa d
040 _aMx-PuUPA
_bspa
_cMx-PuUPA
_dMx-PuUPA
_erda
041 0 _aspa
100 _aTovar Pérez, Francisco
_97874
_eautor
245 1 3 _aEl periodismo en la provincia /
_cFrancisco Tovar Pérez
264 1 _aMéxico, D.F.
_bEdiciones Lar,
_c1970
300 _a106 páginas ;
_c18 cm.
336 _2rdacontent
_atexto
_btxt
337 _2rdamedia
_asin medio
_bn
338 _2rdacarrier
_avolumen
_bnc
650 4 _aPeriodismo
942 _2ddc
_cLI
_h070.4
_iTOV
999 _c9419
_d9419